गोरखनाथ और उनका हिन्दी-साहित्य / (Record no. 50526)

MARC details
000 -LEADER
fixed length control field 01189nam a22002777a 4500
005 - DATE AND TIME OF LATEST TRANSACTION
control field 20110214110156.0
008 - FIXED-LENGTH DATA ELEMENTS--GENERAL INFORMATION
fixed length control field 090211t xxu||||| |||| 00| 0 hin d
010 ## - LCCN (DPL NO)
LC control number HIN-91871
020 ## - INTERNATIONAL STANDARD BOOK NUMBER
Terms of availability 190.00
International Standard Book Number 9788188978342
035 ## - SYSTEM CONTROL NUMBER
System control number HN-64217
037 ## - SOURCE OF ACQUISITION
Source of stock number/acquisition DBAD / PUB
040 ## - CATALOGING SOURCE
Original cataloging agency DPL
Language of cataloging HN
082 ## - DEWEY DECIMAL CLASSIFICATION NUMBER
Classification number 820.92
100 ## - MAIN ENTRY--PERSONAL NAME
Personal name कमल सिंह
9 (RLIN) 25892
245 ## - TITLE STATEMENT
Title गोरखनाथ और उनका हिन्दी-साहित्य /
Statement of responsibility, etc कमल सिंह
246 ## - VARYING FORM OF TITLE
Title proper/short title Gorakh nath aur unka Hindi Sahitya
Remainder of title by Kamal Singh
250 ## - EDITION STATEMENT
Edition statement 3रा संस्क
260 ## - PUBLICATION, DISTRIBUTION, ETC. (IMPRINT)
Place of publication, distribution, etc अलीगढ़
Name of publisher, distributor, etc कुसुम प्रकाशन
Date of publication, distribution, etc 2010
270 ## - ADDRESS
Address 186, इंजीनियर्स कालोनी, क्वार्सी बाईपास रोड
City अलीगढ़
Postal code 202001 (उ.प्र.)
300 ## - PHYSICAL DESCRIPTION
Extent 195पृ.
Dimensions 22सेमी (अजिल्द)
650 ## - SUBJECT ADDED ENTRY--TOPICAL TERM
9 (RLIN) 1169
650 ## - SUBJECT ADDED ENTRY--TOPICAL TERM
9 (RLIN) 25893
700 ## - ADDED ENTRY--PERSONAL NAME
Personal name
9 (RLIN) 25894
942 ## - ADDED ENTRY ELEMENTS (KOHA)
Source of classification or shelving scheme Dewey Decimal Classification
Item type Hindi Books
Classification part 820.92
Call number suffix कमल
Holdings
Withdrawn status Lost status Source of classification or shelving scheme Damaged status Not for loan Collection code Home library Current library Date acquired Source of acquisition Cost, normal purchase price Total Checkouts Full call number Barcode Date last seen Copy number Cost, replacement price Koha item type
    Dewey Decimal Classification   Not For Loan Non-fiction D.B.Act.Division D.B.Act.Division 14/02/2011 DBAD /PUB 190.00   820.92 कमल HN-64217 14/02/2011 1 190.00 Hindi Books

© Delhi Public Library
Hit Counter
free hit counter